000
00229nam a2200097Ia 4500
008
190216s9999||||xx |||||||||||||| ||und||
100
_a
Menon C P
245
0
_a
Thanmathriya Spectroscopy
260
_b
Kerala Basha Inst
942
_c
BK
999
_c
38275
_d
38275